|
|
|
|
| LEADER |
00000nam0a2200000 4500 |
| 001 |
298103 |
| 005 |
20231102001055.0 |
| 035 |
|
|
|a (RuTPU)RU\TPU\book\323245
|
| 090 |
|
|
|a 298103
|
| 100 |
|
|
|a 20150616d1955 k y0rusy50 ca
|
| 101 |
0 |
|
|a rus
|
| 102 |
|
|
|a RU
|
| 105 |
|
|
|a a z 001zy
|
| 200 |
1 |
|
|a Русло реки и эрозия в ее бассейне
|f Н. И. Маккавеев
|g Академия наук СССР (АН СССР), Институт географии (ИГ)
|
| 210 |
|
|
|a Москва
|c Изд-во АН СССР
|d 1955
|
| 215 |
|
|
|a 347 с.
|c ил.
|
| 320 |
|
|
|a Библиогр.: с. 327-344.
|
| 606 |
1 |
|
|a Реки
|x Русло
|2 stltpush
|3 (RuTPU)RU\TPU\subj\24844
|9 49122
|
| 610 |
1 |
|
|a эрозионные процессы
|
| 610 |
1 |
|
|a русловые процессы
|
| 610 |
1 |
|
|a климат
|
| 610 |
1 |
|
|a растительность
|
| 610 |
1 |
|
|a тектоника
|
| 610 |
1 |
|
|a потоки
|
| 610 |
1 |
|
|a рельеф
|
| 610 |
1 |
|
|a поймы
|
| 610 |
1 |
|
|a излучины
|
| 610 |
1 |
|
|a перекаты
|
| 675 |
|
|
|a 556.537
|v 4
|
| 700 |
|
1 |
|a Маккавеев
|b Н. И.
|
| 712 |
0 |
2 |
|a Академия наук СССР (АН СССР)
|b Институт географии (ИГ)
|c (Москва)
|2 stltpush
|3 (RuTPU)RU\TPU\col\11388
|
| 801 |
|
1 |
|a RU
|b 63413507
|c 20150616
|
| 801 |
|
2 |
|a RU
|b 63413507
|c 20150622
|g RCR
|
| 942 |
|
|
|c BK
|